00000000nam 2200000zi 4500
0019.945610
003CaOODSP
00520250312083426
006m     o  d f      
007cr cn|||||||||
008241126e20020618oncad   o    f000 0 fre d
020 |z066266681X
040 |aCaOODSP|bfre|erda|cCaOODSP
043 |an-cn---
0861 |aPF4-7/2002-2F-PDF|zPF4-7/2002-2
24502|aÀ l'écoute des Canadiens Enquête sur les communications : |bprintemps 2002.
264 1|a[Ottawa] : |bCommunications Canada, |cle 18 juin 2002.
300 |a1 ressource en ligne (50 pages) : |billustrations, graphiques
336 |atexte|btxt|2rdacontent/fre
337 |ainformatique|bc|2rdamedia/fre
338 |aressource en ligne|bcr|2rdacarrier/fre
500 |aÉdition numérisée de l'imprimée [par Direction des publications du gouvernement du Canada].
500 |aPublié aussi en anglais sous le titre : Listening to Canadians Communications Survey : spring 2002.
650 6|aCommunication|xEnquêtes|zCanada.
7101 |aCanada.|bCommunication Canada, |eorganisme de publication.
77508|tListening to Canadians Communications Survey : |w(CaOODSP)9.945605
7760#|tÀ l'écoute des Canadiens: Enquête sur les communications : |w(CaOODSP)9.663856
85640|qPDF|s36.50 Mo|uhttps://publications.gc.ca/collections/collection_2024/isde-ised/PF4-7-2002-2-fra.pdf